[Event "VIE-ch U13 Girls"]
[Site "Ho Chi Minh City"]
[Date "2022.07.14"]
[Round "6"]
[White "Luu, Hai Yen"]
[Black "Nguyen, Xuan Minh Hang"]
[Result "1/2-1/2"]
[WhiteElo "2126"]
[BlackElo "2130"]
[PlyCount "99"]
[EventDate "2022.07.11"]
[EventType "swiss"]
[EventRounds "9"]
[EventCountry "VIE"]
[SourceTitle "EXT 2023"]
[Source "ChessBase"]
[SourceDate "2022.10.05"]
[SourceVersion "1"]
[SourceVersionDate "2022.10.05"]
[SourceQuality "1"]

1. e4 e6 2. d4 d5 3. exd5 exd5 4. c3 Bd6 5. Bd3 Nc6 6. Nf3 Nge7 7. Qc2 Bg4 8. Nbd2 Qd7 9. 0-0 0-0-0 10. h3 Bh5 11. b4 f6 12. Nh2 g5 13. Nb3 Bg6 14. b5 Nb8 15. a4 Bxd3 16. Qxd3 h5 17. Ba3 Bxa3 18. Rxa3 Qd6 19. Ra2 Rdg8 20. Qg3 Qxg3 21. fxg3 Nd7 22. g4 h4 23. Re2 Ng6 24. Rfe1 b6 25. Nc1 Kd8 26. Nd3 Re8 27. Nb4 Rxe2 28. Nc6+ Kc8 29. Rxe2 Kb7 30. Nf3 a5 31. Ne1 Nb8 32. Re6 Rf8 33. Nxb8 Kxb8 34. Nf3 Nf4 35. Re3 Kc8 36. Kf2 Kd7 37. Ng1 Re8 38. Rxe8 Kxe8 39. Nf3 Nd3+ 40. Ke3 Nf4 41. Nxh4 Kf7 42. g3 Ne6 43. Nf5 Nd8 44. Kd3 Nb7 45. h4 Nd6 46. Nxd6+ cxd6 47. c4 dxc4+ 48. Kxc4 Ke6 49. h5 d5+ 50. Kd3 1/2-1/2

[Event "VIE-ch U13 Girls"]
[Site "Ho Chi Minh City"]
[Date "2022.07.11"]
[Round "1"]
[White "Nguyen, Xuan Minh Hang"]
[Black "Chau, Bao Ngoc"]
[Result "1/2-1/2"]
[WhiteElo "2130"]
[BlackElo "2146"]
[PlyCount "64"]
[EventDate "2022.07.11"]
[EventType "swiss"]
[EventRounds "9"]
[EventCountry "VIE"]
[SourceTitle "EXT 2023"]
[Source "ChessBase"]
[SourceDate "2022.10.05"]
[SourceVersion "1"]
[SourceVersionDate "2022.10.05"]
[SourceQuality "1"]

1. e4 d6 2. d3 Nf6 3. Nd2 g6 4. g3 Bg7 5. Bg2 c6 6. Ngf3 b5 7. 0-0 Bb7 8. Re1 0-0 9. Nf1 Qc7 10. h4 e5 11. N3h2 d5 12. f3 Nbd7 13. g4 Rfe8 14. Ng3 Nf8 15. g5 N6d7 16. Ng4 Ne6 17. h5 Nf4 18. hxg6 fxg6 19. Ne2 Nh5 20. Kh2 Rf8 21. Rh1 Qd8 22. Qe1 Rf7 23. Qh4 h6 24. Kg1 hxg5 25. Bxg5 Qb6+ 26. Be3 Qd8 27. Qxd8+ Rxd8 28. Nh6+ Bxh6 29. Bxh6 Nf8 30. Be3 a6 31. Bb6 Rd6 32. Be3 Rd8 1/2-1/2

[Event "VIE-ch U13 Girls"]
[Site "Hanoi"]
[Date "2022.06.17"]
[Round "9"]
[White "Dang, Thu Thuy"]
[Black "Nguyen, Xuan Minh Hang"]
[Result "1/2-1/2"]
[WhiteElo "2131"]
[BlackElo "2152"]
[PlyCount "83"]
[EventDate "2022.06.11"]
[EventType "swiss"]
[EventRounds "9"]
[EventCountry "VIE"]
[SourceTitle "EXT 2023"]
[Source "ChessBase"]
[SourceDate "2022.10.05"]
[SourceVersion "1"]
[SourceVersionDate "2022.10.05"]
[SourceQuality "1"]

1. e4 e6 2. d4 d5 3. e5 c5 4. c3 Nc6 5. Nf3 Qb6 6. Be2 cxd4 7. cxd4 Bb4+ 8. Nc3 Nge7 9. a3 Bxc3+ 10. bxc3 Bd7 11. Bd2 Rc8 12. Rb1 Qc7 13. 0-0 Na5 14. h3 b6 15. Ne1 Nc4 16. Bxc4 Qxc4 17. Rb4 Qc7 18. Nc2 Nc6 19. Rb1 Na5 20. Qg4 Rg8 21. Ne3 Qd8 22. f4 Qe7 23. f5 Qxa3 24. f6 Qf8 25. Qh4 gxf6 26. exf6 Rh8 27. c4 dxc4 28. Ng4 c3 29. Bh6 Qd6 30. Ne5 Rf8 31. Bxf8 Qxf8 32. Qxh7 c2 33. Rbc1 Ba4 34. Nd3 Nb3 35. Rce1 Bb5 36. d5 Bc4 37. dxe6 Bxe6 38. Rxe6+ fxe6 39. f7+ Kd8 40. Qg8 Kc7 41. Qg3+ Kb7 42. Qf3+ 1/2-1/2

[Event "VIE-ch U13 Girls"]
[Site "Hanoi"]
[Date "2022.06.12"]
[Round "2"]
[White "Nguyen, Xuan Minh Hang"]
[Black "Tran, Ha Gia Linh"]
[Result "1/2-1/2"]
[WhiteElo "2152"]
[BlackElo "2143"]
[PlyCount "75"]
[EventDate "2022.06.11"]
[EventType "swiss"]
[EventRounds "9"]
[EventCountry "VIE"]
[SourceTitle "EXT 2023"]
[Source "ChessBase"]
[SourceDate "2022.10.05"]
[SourceVersion "1"]
[SourceVersionDate "2022.10.05"]
[SourceQuality "1"]

1. e4 e6 2. d4 d5 3. exd5 exd5 4. Bd3 Bd6 5. Nf3 Nf6 6. h3 h6 7. 0-0 0-0 8. c3 c6 9. Be3 Be6 10. Nbd2 Nbd7 11. b3 Ba3 12. c4 b6 13. Rb1 a5 14. Ne5 Nxe5 15. dxe5 Nd7 16. f4 Bc5 17. Bxc5 Nxc5 18. Bc2 d4 19. Qf3 f6 20. Qh5 fxe5 21. Qxe5 Qf6 22. Qxf6 Rxf6 23. Rbe1 Raf8 24. Ne4 Nxe4 25. Bxe4 c5 26. Bd3 Bf5 27. Bxf5 Rxf5 28. g3 Kf7 29. Rf2 Re8 30. Rfe2 Rxe2 31. Rxe2 Rf6 32. Kg2 Re6 33. Rxe6 Kxe6 34. g4 Kf6 35. Kf3 g6 36. Ke4 Ke6 37. Kd3 Kf6 38. Ke4 1/2-1/2

[Event "VIE-ch U13 Girls"]
[Site "Hanoi"]
[Date "2022.06.11"]
[Round "1"]
[White "Dang, Huong Thao Nhu"]
[Black "Nguyen, Xuan Minh Hang"]
[Result "0-1"]
[WhiteElo "2135"]
[BlackElo "2152"]
[PlyCount "88"]
[EventDate "2022.06.11"]
[EventType "swiss"]
[EventRounds "9"]
[EventCountry "VIE"]
[SourceTitle "EXT 2023"]
[Source "ChessBase"]
[SourceDate "2022.10.05"]
[SourceVersion "1"]
[SourceVersionDate "2022.10.05"]
[SourceQuality "1"]

1. e4 e6 2. d4 d5 3. exd5 exd5 4. Be3 Bd6 5. g3 Nf6 6. Bg2 h6 7. Nf3 c6 8. 0-0 0-0 9. Nbd2 Bf5 10. h3 Nbd7 11. c4 Bd3 12. Re1 dxc4 13. Rc1 Nb6 14. Ne5 Bxe5 15. dxe5 Nfd5 16. Bc5 Re8 17. Bf1 Bxf1 18. Nxf1 Qg5 19. Bxb6 Nxb6 20. Qd4 Rad8 21. Qe3 Qf5 22. g4 Qe6 23. Rc2 Rd3 24. Qe2 Rxh3 25. Ng3 Qe7 26. Qe4 Qg5 27. Kg2 Rh4 28. f3 g6 29. Qe3 Qxe3 30. Rxe3 Nd5 31. Re4 h5 32. Rcxc4 hxg4 33. fxg4 Kg7 34. Kf3 Rh2 35. Ne2 Reh8 36. Nf4 Rxb2 37. Red4 Nxf4 38. Kxf4 Rxa2 39. Rc3 Rb2 40. Rd7 Re8 41. Re3 Re6 42. Rd6 Rb4+ 43. Kg3 Rb5 44. Rxe6 fxe6 0-1